| 000 | 00958nam a22002297a 4500 | ||
|---|---|---|---|
| 005 | 20171116105834.0 | ||
| 008 | 890830u19889999ck x p r f0 0b0spa d | ||
| 022 | _a0121-55-82 | ||
| 040 | _cCO-BoIH | ||
| 041 | 0 | _aspa | |
| 044 | _ack | ||
| 245 | 0 | 0 |
_aTrianea : _bActa científica y tecnológica / _cInstituto Nacional de los Recursos Naturales Renovables y del Ambiente. Inderena. |
| 260 |
_aBogotá _bINDERENA _c1988- . |
||
| 300 |
_av. : _bil. ; _c24 cm. |
||
| 650 | 6 |
_aRecursos naturales _z Colombia _v Publicaciones seriadas. _929978 |
|
| 650 | 1 | 6 |
_aTecnología _z Colombia _v Publicaciones seriadas. _929979 |
| 650 |
_aInvestigación científica _v Publicaciones seriadas. _929980 |
||
| 651 |
_aBogotá (Colombia) _v Publicaciones seriadas. _929981 |
||
| 651 |
_aColombia _v Publicaciones seriadas. _929982 |
||
| 710 | 2 |
_aInstituto Nacional de los Recursos Naturales Renovables y del Ambiente - INDERENA _c(Bogotá) _929983 |
|
| 942 |
_2z _cREVISTA _011 _s1 |
||
| 999 |
_c8530 _d8530 |
||